000 00692nas a2200229 4500
001 BR9607721
003 BR-BrBNA
005 20231205094954.0
007 ta
008 230509b bl.|||p| |||| 00| 00por d
040 _aBR-BrBNA
_bpor
_cBiblioteca Nacional de Agricultura
041 _a(Pt)
072 _aF70
100 1 _aLima, V.C.
245 1 _aUrticaceae de Pernambuco - estudo taxonomico
650 _aUrticaceae
650 _aTaxonomia Vegetal
650 _aPernambuco
773 0 _tPesquisa Agropecuaria Pernambucana (Brazil)
_xISSN 0100-8501
_g(Jan-Dec 1991-1995), v. 8(special number) p. 33-42
_wBR9607721
909 _a202311
_bLúcia
_c55
_dLúcia Elande
942 _2AGRIS
_n0
_cANA
999 _c148032
_d148032